000 00367nam a2200145Ia 4500
008 210210b1995 xxu||||| |||| 00| 0 eng d
041 _aeng
082 _a491.463 SALK
100 _aSALDAN (Anton Aa).
245 _aKonkani shabd kosh.
260 _aMangaluru.
_bAdarsh Printing Press.,
_c1995
300 _avii,110
690 _aKonkani Dictionary
906 _a049838
999 _c98679
_d98679